The Frankfurt Auschwitz Trial, 1963-1965 : (Record no. 619816)

MARC details
000 -LEADER
fixed length control field 00523nam a2200193 a 4500
008 - FIXED-LENGTH DATA ELEMENTS--GENERAL INFORMATION
fixed length control field 260424s2006##################000#0#eng##
020 ## - INTERNATIONAL STANDARD BOOK NUMBER
ISBN 9780521844062
082 04 - DEWEY DECIMAL CLASSIFICATION NUMBER
Classification number 345.430238PEN
100 1# - MAIN ENTRY--AUTHOR NAME
Personal name Pendas, Devin O.,
245 10 - TITLE STATEMENT
Title The Frankfurt Auschwitz Trial, 1963-1965 :
260 ## - PUBLICATION, DISTRIBUTION, ETC. (IMPRINT)
Name of publisher Cambridge University Press,
Year of publication 2006.
300 ## - PHYSICAL DESCRIPTION
Number of Pages 372 pages
650 #0 - SUBJECT ADDED ENTRY--TOPICAL TERM
Topical Term History.
942 ## - ADDED ENTRY ELEMENTS (KOHA)
Koha item type English Books
Holdings
Withdrawn status Lost status Damaged status Not for loan Home library Current library Date acquired Full call number Accession Number Price effective from Koha item type
        Anna Centenary Library Anna Centenary Library 24.04.2026 345.430238PEN 244403 24.04.2026 English Books

Find us on the map